[Event "Portsmouth op"]
[Site "Portsmouth"]
[Date "2006.02.18"]
[Round "4"]
[White "Fysh Foskett, Adam"]
[Black "Lappage, Jonathan"]
[Result "0-1"]
[WhiteElo "2075"]
[BlackElo "2141"]
[PlyCount "94"]
[EventDate "2006.02.17"]
[EventType "swiss"]
[EventRounds "6"]
[EventCountry "ENG"]
[SourceTitle "CBM 110 Extra"]
[Source "ChessBase"]
[SourceDate "2006.03.10"]
[SourceVersion "2"]
[SourceVersionDate "2006.03.10"]
[SourceQuality "1"]

1. e4 c5 2. Nf3 d6 3. d4 cxd4 4. Nxd4 Nf6 5. Nc3 a6 6. Bc4 e6 7. Bb3 Nbd7 8. Be3 Nc5 9. f3 b5 10. Qd2 Qc7 11. 0-0 Bd7 12. Rfd1 Rb8 13. Kh1 Be7 14. a3 0-0 15. Ba2 a5 16. Nce2 b4 17. axb4 axb4 18. c3 b3 19. Bb1 g6 20. Ng3 e5 21. Bh6 exd4 22. cxd4 Ne6 23. Bxf8 Bxf8 24. Ne2 d5 25. e5 Ne8 26. Bd3 Qb7 27. f4 N6g7 28. Rdc1 h5 29. h3 Bb4 30. Qd1 Be7 31. Nc3 Nc7 32. g4 hxg4 33. hxg4 Qb6 34. Qg1 Nge6 35. Na4 Bxa4 36. Rxa4 Nxf4 37. Bf1 Kg7 38. Qg3 g5 39. Kg1 Nce6 40. Qe3 Rh8 41. Rc3 Rh4 42. Rxb3 Rxg4+ 43. Kf2 Qd8 44. Qf3 Rh4 45. Rb7 Nxd4 46. Qc3 Nde6 47. Raa7 Bc5+ 0-1

[Event "Portsmouth op"]
[Site "Portsmouth"]
[Date "2004.02.22"]
[Round "6"]
[White "Sugden, John N"]
[Black "Lappage, Jonathan"]
[Result "1/2-1/2"]
[WhiteElo "2180"]
[BlackElo "2181"]
[PlyCount "147"]
[EventDate "2004.02.20"]
[EventType "swiss"]
[EventRounds "6"]
[EventCountry "ENG"]
[SourceTitle "EXT 2005"]
[Source "ChessBase"]
[SourceDate "2004.11.15"]
[SourceVersion "1"]
[SourceVersionDate "2004.11.15"]
[SourceQuality "1"]

1. e4 c5 2. Nc3 d6 3. g3 Nc6 4. Bg2 g6 5. d3 Bg7 6. f4 e6 7. Nf3 Nge7 8. 0-0 0-0 9. Bd2 Rb8 10. Rb1 b5 11. a3 Nd4 12. Nxd4 cxd4 13. Ne2 Qb6 14. Kh1 f5 15. c3 Nc6 16. cxd4 Nxd4 17. Bc3 a5 18. Nxd4 Bxd4 19. Qb3 Bd7 20. Rbc1 Be3 21. Rcd1 b4 22. axb4 axb4 23. Bd2 Rfc8 24. Bxe3 Qxe3 25. Rfe1 Qf2 26. Rf1 Qc2 27. Qxc2 Rxc2 28. Rb1 Bb5 29. Rfd1 Rbc8 30. Kg1 Re2 31. Bf1 Rec2 32. Bg2 Ba4 33. b3 Bb5 34. d4 fxe4 35. Bxe4 Re2 36. Bf3 Re3 37. Bg2 Bd3 38. Rb2 Bc2 39. Rc1 Rec3 40. d5 Bxb3 41. Rcb1 Bc2 42. Re1 Rb3 43. Rxb3 Bxb3 44. dxe6 Ba2 45. g4 Re8 46. f5 gxf5 47. gxf5 Kg7 48. Be4 Kf6 49. Kf2 d5 50. Bd3 Bc4 51. Bb1 Rg8 52. Ke3 Rg4 53. Kf3 Rg7 54. Ke3 Rg4 55. Kf3 Rg8 56. Ke3 Ke5 57. Kf3+ Kf6 58. Ke3 h5 59. Kd4 b3 60. Kc3 h4 61. Kd4 h3 62. Re3 Rg1 63. e7 Bb5 64. Rxb3 Bd7 65. Kxd5 Rd1+ 66. Bd3 Kxe7 67. Ke4 Rh1 68. Kf4 Rxh2 69. Kg3 Rh1 70. Be4 Re1 71. Rb4 Re3+ 72. Kh2 Kf6 73. Rd4 Be8 74. Bb1 1/2-1/2

[Event "Portsmouth op"]
[Site "Portsmouth"]
[Date "2004.02.21"]
[Round "4"]
[White "Lappage, Jonathan"]
[Black "Wells, Peter K"]
[Result "0-1"]
[WhiteElo "2181"]
[BlackElo "2493"]
[PlyCount "58"]
[EventDate "2004.02.20"]
[EventType "swiss"]
[EventRounds "6"]
[EventCountry "ENG"]
[SourceTitle "EXT 2005"]
[Source "ChessBase"]
[SourceDate "2004.11.15"]
[SourceVersion "1"]
[SourceVersionDate "2004.11.15"]
[SourceQuality "1"]

1. e4 e5 2. Nf3 Nc6 3. Bb5 a6 4. Bxc6 dxc6 5. 0-0 Qd6 6. c3 Bg4 7. d4 0-0-0 8. Be3 f5 9. h3 exd4 10. hxg4 dxe3 11. Qxd6 Bxd6 12. gxf5 exf2+ 13. Kxf2 Nf6 14. Ng5 Rhe8 15. Kf3 g6 16. Ne6 Rd7 17. g4 h5 18. gxh5 Nxh5 19. Rg1 gxf5 20. exf5 Rf7 21. Rg5 Rxe6 22. Rxh5 Re1 23. Kf2 Rc1 24. Ke3 Re7+ 25. Kf2 Ree1 26. f6 Rf1+ 27. Ke2 Rce1+ 28. Kd3 Rxb1 29. Rxb1 Rxb1 0-1

[Event "EU-ch U16"]
[Site "Budva"]
[Date "2003.09.19"]
[Round "6"]
[White "Lappage, Jonathan"]
[Black "Vandenbussche, Thibaut"]
[Result "0-1"]
[WhiteElo "2208"]
[BlackElo "2040"]
[PlyCount "82"]
[EventDate "2003.09.13"]
[EventType "swiss"]
[EventRounds "9"]
[EventCountry "YUG"]
[SourceTitle "CBM 096 Extra"]
[Source "ChessBase"]
[SourceDate "2003.10.22"]
[SourceVersion "2"]
[SourceVersionDate "2003.10.20"]
[SourceQuality "1"]

1. e4 g6 2. Nc3 c6 3. d4 Bg7 4. Be3 d5 5. f3 Qb6 6. Qd2 Qxb2 7. Rb1 Qa3 8. exd5 Nf6 9. dxc6 Nxc6 10. d5 Na5 11. Bb5+ Nd7 12. Nge2 0-0 13. Bh6 Qc5 14. Bxg7 Kxg7 15. Ne4 Qc7 16. h4 h5 17. g4 Ne5 18. Qf4 hxg4 19. d6 Nxf3+ 20. Kf1 exd6 21. h5 Qe7 22. hxg6 Nh4 23. Kg1 fxg6 24. Qe3 Nc6 25. Rf1 Rxf1+ 26. Kxf1 Bf5 27. N2g3 Rf8 28. Ke2 Bxe4 29. Qxe4 Nd4+ 30. Kd3 Qxe4+ 31. Nxe4 Nxb5 32. Rxh4 d5 33. Nc5 Rf3+ 34. Kd2 g3 35. Rg4 Kf6 36. Ke2 Rc3 37. Nxb7 Kf5 38. Rb4 Rxc2+ 39. Kf1 Nc3 40. Rb3 Kf4 41. Nd6 Kf3 0-1

[Event "BCF-chT 0203 (4NCL)"]
[Site "West Bromwich"]
[Date "2003.04.13"]
[Round "8.5"]
[White "Turner, Matthew"]
[Black "Lappage, Jonathan"]
[Result "1-0"]
[WhiteElo "2519"]
[BlackElo "2208"]
[PlyCount "55"]
[EventDate "2002.11.??"]
[EventType "team"]
[EventRounds "11"]
[EventCountry "ENG"]
[SourceTitle "EXT 2004"]
[Source "ChessBase"]
[SourceDate "2003.11.25"]
[SourceVersion "1"]
[SourceVersionDate "2003.11.25"]
[SourceQuality "1"]
[WhiteTeam "Wood Green"]
[BlackTeam "Slough"]
[WhiteTeamCountry "ENG"]
[BlackTeamCountry "ENG"]

1. c4 b6 2. d4 e6 3. Nc3 Bb7 4. Nf3 Bb4 5. Bg5 Nf6 6. e3 h6 7. Bh4 g5 8. Bg3 Ne4 9. Nd2 Bxc3 10. bxc3 Nxd2 11. Qxd2 d6 12. h4 g4 13. h5 Qg5 14. Bf4 Qe7 15. e4 Bxe4 16. Bxh6 f5 17. c5 dxc5 18. dxc5 Nc6 19. cxb6 axb6 20. Bg5 Qd6 21. Qe3 Ra3 22. Bb5 Qd5 23. Bxc6+ Qxc6 24. Qd4 0-0 25. h6 Qxc3+ 26. Qxc3 Rxc3 27. h7+ Kh8 28. Rd1 1-0

[Event "World ol U16"]
[Site "Kuala Lumpur"]
[Date "2002.08.27"]
[Round "10"]
[White "Li, Chao B"]
[Black "Lappage, Jonathan"]
[Result "0-1"]
[WhiteElo "2310"]
[BlackElo "2189"]
[PlyCount "74"]
[EventDate "2002.08.20"]
[EventType "team-swiss"]
[EventRounds "10"]
[EventCountry "MAS"]
[SourceTitle "CBM 089 Extra"]
[Source "ChessBase"]
[SourceDate "2002.09.10"]
[SourceVersion "2"]
[SourceVersionDate "2002.09.10"]
[SourceQuality "1"]

1. e4 c5 2. Nf3 d6 3. d4 cxd4 4. Nxd4 Nf6 5. Nc3 a6 6. Be2 e6 7. 0-0 b5 8. a3 Bb7 9. f3 Nbd7 10. Be3 Be7 11. Kh1 Rc8 12. Qe1 h6 13. Qg3 g5 14. f4 gxf4 15. Bxf4 e5 16. Ne6 exf4 17. Qg7 Rh7 18. Nxd8 Rxg7 19. Nxb7 Ng4 20. Rxf4 Ne3 21. Rf2 Rc7 22. Na5 Bf6 23. Rf3 Bxc3 24. bxc3 Rxc3 25. Re1 Rxa3 26. Nb7 Ke7 27. Bd1 Nc4 28. Rxa3 Nxa3 29. Na5 Ne5 30. Nb3 Rg8 31. Nd4 Rc8 32. Re3 b4 33. Rh3 Rc4 34. Nf5+ Kf6 35. Rxh6+ Ng6 36. Ne3 Rxe4 37. Rh3 Nc4 0-1

[Event "BCF-chT2 0102 (4NCL)"]
[Site "Birmingham"]
[Date "2002.01.19"]
[Round "5.4"]
[White "Lappage, Jonathan"]
[Black "Hodge, David Jonathan"]
[Result "1/2-1/2"]
[WhiteElo "2187"]
[BlackElo "2163"]
[PlyCount "66"]
[EventDate "2001.09.22"]
[EventType "team"]
[EventRounds "11"]
[EventCountry "ENG"]
[SourceTitle "EXT 2003"]
[Source "ChessBase"]
[SourceDate "2002.11.25"]
[SourceVersion "1"]
[SourceVersionDate "2002.11.25"]
[SourceQuality "1"]
[WhiteTeam "Warwicks Select"]
[BlackTeam "PYO"]
[WhiteTeamCountry "ENG"]
[BlackTeamCountry "ENG"]

1. e4 e5 2. Nf3 Nc6 3. Bb5 a6 4. Bxc6 dxc6 5. 0-0 Bg4 6. h3 h5 7. c3 Qf6 8. d4 exd4 9. cxd4 Bxf3 10. Qxf3 0-0-0 11. Be3 Qxf3 12. gxf3 f5 13. Nc3 Nf6 14. Rad1 Re8 15. Rfe1 fxe4 16. Bg5 exf3 17. Bxf6 Rxe1+ 18. Rxe1 gxf6 19. Re3 Kd7 20. Rxf3 Rg8+ 21. Kf1 Be7 22. d5 Rg5 23. dxc6+ Kxc6 24. Ne4 Ra5 25. a3 Rb5 26. b4 a5 27. bxa5 Rxa5 28. Nxf6 Rxa3 29. Rxa3 Bxa3 30. Ke2 h4 31. Kd3 Be7 32. Ng4 Kd5 33. f4 b5 1/2-1/2

[Event "BCF-chT2 0102 (4NCL)"]
[Site "Birmingham"]
[Date "2001.09.23"]
[Round "2.1"]
[White "Wall, Gavin"]
[Black "Lappage, Jonathan"]
[Result "1/2-1/2"]
[WhiteElo "2356"]
[BlackElo "2208"]
[PlyCount "73"]
[EventDate "2001.09.22"]
[EventType "team"]
[EventRounds "11"]
[EventCountry "ENG"]
[SourceTitle "EXT 2003"]
[Source "ChessBase"]
[SourceDate "2002.11.25"]
[SourceVersion "1"]
[SourceVersionDate "2002.11.25"]
[SourceQuality "1"]
[WhiteTeam "Richmond"]
[BlackTeam "Warwicks Select"]
[WhiteTeamCountry "ENG"]
[BlackTeamCountry "ENG"]

1. e4 c5 2. Nf3 d6 3. Bb5+ Bd7 4. a4 Nf6 5. d3 Nc6 6. 0-0 g6 7. Nbd2 Bg7 8. Nc4 0-0 9. Re1 d5 10. exd5 Nxd5 11. c3 a6 12. Bxc6 Bxc6 13. a5 Qc7 14. Nfe5 Rad8 15. Nxc6 Qxc6 16. Qf3 f6 17. h4 e5 18. h5 g5 19. Be3 Rc8 20. Rad1 Qe6 21. Nb6 Nxb6 22. axb6 Qc6 23. Qf5 Rfd8 24. d4 exd4 25. cxd4 Rd5 26. Qf3 c4 27. Re2 Rcd8 28. Rc1 h6 29. Rec2 Qxb6 30. Rxc4 Qxb2 31. Rc8 Qb3 32. R1c7 Rxc8 33. Rxc8+ Kh7 34. Qe4+ f5 35. Qe6 Qd1+ 36. Kh2 Qxh5+ 37. Kg1 1/2-1/2

[Event "BCF-ch 88th"]
[Site "Scarborough"]
[Date "2001.08.07"]
[Round "8"]
[White "Lappage, Jonathan"]
[Black "Burnett, Jim"]
[Result "0-1"]
[WhiteElo "2208"]
[BlackElo "2209"]
[PlyCount "120"]
[EventDate "2001.07.30"]
[EventType "swiss"]
[EventRounds "11"]
[EventCountry "ENG"]
[SourceTitle "CBM 083 Extra"]
[Source "ChessBase"]
[SourceDate "2001.09.11"]
[SourceVersion "1"]
[SourceVersionDate "2001.09.11"]
[SourceQuality "1"]

1. e4 d5 2. exd5 Qxd5 3. Nc3 Qa5 4. d4 Nf6 5. Nf3 c6 6. Ne5 Be6 7. Bd3 g6 8. 0-0 Bg7 9. Ne2 0-0 10. Nf4 Bc8 11. Re1 e6 12. a3 Nbd7 13. b4 Qb6 14. Bb2 a5 15. Qd2 Nxe5 16. dxe5 Nd5 17. Nxd5 exd5 18. Qf4 Qc7 19. Qg5 Re8 20. Re2 axb4 21. axb4 Rxa1+ 22. Bxa1 Bd7 23. Bd4 b6 24. Qe3 c5 25. bxc5 bxc5 26. Bxc5 Rxe5 27. Bb6 Qc3 28. Qc1 Rxe2 29. Bxe2 Bf5 30. Qd1 Qxc2 31. Qxc2 Bxc2 32. Ba5 f5 33. Kf1 Kf7 34. Ke1 Ke6 35. Kd2 Bb3 36. f4 Bc4 37. Bf3 Kd6 38. Bb4+ Kc6 39. g3 Bd4 40. h3 Bf1 41. Bc3 Bf2 42. g4 Bxh3 43. g5 Bf1 44. Be5 Bc5 45. Kc3 Bc4 46. Bg2 Kd7 47. Bf3 Ke6 48. Bd4 Bf8 49. Bd1 h6 50. gxh6 Bxh6 51. Be5 g5 52. Bf3 gxf4 53. Kd4 Bg5 54. Bg2 Bf6 55. Bxf6 Kxf6 56. Bf3 Kg5 57. Ke5 Bd3 58. Bxd5 Kg4 59. Kd4 Be4 60. Bc4 Kg3 0-1

[Event "BCF-ch 88th"]
[Site "Scarborough"]
[Date "2001.08.06"]
[Round "7"]
[White "Addison, Bret"]
[Black "Lappage, Jonathan"]
[Result "1/2-1/2"]
[WhiteElo "2218"]
[BlackElo "2208"]
[PlyCount "52"]
[EventDate "2001.07.30"]
[EventType "swiss"]
[EventRounds "11"]
[EventCountry "ENG"]
[SourceTitle "CBM 083 Extra"]
[Source "ChessBase"]
[SourceDate "2001.09.11"]
[SourceVersion "1"]
[SourceVersionDate "2001.09.11"]
[SourceQuality "1"]

1. d4 d5 2. c4 c6 3. Nf3 Nf6 4. Nc3 e6 5. Bg5 dxc4 6. e4 b5 7. e5 h6 8. Bh4 g5 9. Nxg5 hxg5 10. Bxg5 Nbd7 11. exf6 Bb7 12. g3 c5 13. d5 Qb6 14. Bg2 0-0-0 15. 0-0 b4 16. Rb1 Qa6 17. dxe6 Bxg2 18. e7 Bxf1 19. Qd5 Bxe7 20. fxe7 Bd3 21. exd8Q+ Rxd8 22. Ne4 Bxb1 23. Nd6+ Kc7 24. Bf4 Kb6 25. Nxc4+ Kb5 26. Nd6+ Kb6 1/2-1/2